000 02467cam a2200481 a 4500
001 86013
005 20230410103838.0
008 041111s2005 enkabc b 001 0 eng
010 _a 2006373971
035 _a(OCoLC)ocm60834942
040 _aUKM
_cUKM
_dDLC
_dCUS
_dBAKER
_dIXA
_dYDXCP
_dBTCTA
_dCRH
015 _aGBA504491
_2bnb
016 7 _a013085686
_2Uk
019 _a60961159
020 _a0863565913 (hard)
020 _a9780863565915
035 _a(OCoLC)60834942
_z(OCoLC)60961159
042 _aukblsr
043 _aa-cc-ti
050 1 4 _a408 DS 786
_bH437t 2005
082 0 0 _a951.505
049 _aGRAL
100 1 _aHeath, John B.,
_d1924-
245 1 0 _aTibet and China in the Twenty-first Century :
_bnon-violence versus state power /
_cJohn Heath.
260 _aLondon :
_bSaqi,
_c2005.
300 _a332 p., [16] p. of plates :
_bill. (some col.), map, ports. (some col.) ;
_c24 cm.
504 _aIncludes bibliographical references and index.
505 0 _aPrologue : Tibet today under Chinese occupation -- pt. 1. Origins -- 1. Influences from Chinese history -- 2. The rise of Mao Zedong : triumph -- 3. The Tibetan people and their culture -- 4. The invasion of Tibet and its aftermath -- 5. The great helmsman : disaster -- 6. Policy developments after 1959 : in exile and in Tibet -- 7. Deng Xiaoping : recovery, then tragedy -- 8. Jiang Zemin : a lot for China, little for Tibet -- 9. Hu Jintao : a new beginning? -- 10. Tibet's ecology and economic development -- pt. 2. Bring about change -- 11. Human rights law -- 12. Negotiating with China -- Epilogue : what now?
651 0 _aTibet Autonomous Region (China)
_xHistory
_y1951-
651 0 _aTibet Autonomous Region (China)
_xPolitics and government
_y1951-
651 0 _aTibet (China)
_xHistory
_y1951-
651 0 _aTibet (China)
_xPolitics and government
_y1951-
651 4 _aTibet (China)
_xHistoria
_y1951-
856 4 1 _3Table of contents only
_uhttp://www.loc.gov/catdir/toc/fy0704/2006373971.html
856 4 2 _3Contributor biographical information
_uhttp://www.loc.gov/catdir/enhancements/fy0634/2006373971-b.html
856 4 2 _3Publisher description
_uhttp://www.loc.gov/catdir/enhancements/fy0634/2006373971-d.html
938 _aBaker & Taylor
_bBKTY
_c29.95
_d22.46
_i0863565913
_n0006147763
_sactive
938 _aYBP Library Services
_bYANK
_n100370372
938 _aBaker and Taylor
_bBTCP
_n2006373971
942 _2lcc
_cbk
946 _amm
994 _aC0
_bDRFGD
999 _c26954
_d26954